[Event "Berlin-ch Seniors op 23rd"]
[Site "Berlin"]
[Date "2007.02.13"]
[Round "9"]
[White "Langer, Werner"]
[Black "Grunow, Werner1111"]
[Result "1-0"]
[WhiteElo "1861"]
[BlackElo "1707"]
[PlyCount "163"]
[EventDate "2007.02.05"]
[EventType "swiss"]
[EventRounds "9"]
[EventCountry "GER"]
[SourceTitle "EXT 2022"]
[Source "ChessBase"]
[SourceDate "2021.10.06"]
[SourceVersion "1"]
[SourceVersionDate "2021.10.06"]
[SourceQuality "1"]

1. d4 d5 2. Nf3 Nf6 3. c4 c6 4. Nc3 e6 5. e3 Bd6 6. c5 Bc7 7. Bd3 Ba5 8. Bd2 Nbd7 9. 0-0 0-0 10. Qc2 Re8 11. Rad1 e5 12. dxe5 Nxe5 13. Nxe5 Rxe5 14. a3 g6 15. Ne2 Bxd2 16. Rxd2 Bf5 17. Ng3 Bxd3 18. Rxd3 Qe7 19. Rfd1 Re6 20. Rd4 Re8 21. h3 Ne4 22. Nxe4 Rxe4 23. b4 a6 24. R1d3 Kg7 25. Rxe4 Qxe4 26. f3 Qh4 27. Qc3+ Qf6 28. Rd4 Qe5 29. Kf2 g5 30. g3 f6 31. Qd2 Qf5 32. g4 Qb1 33. Kg2 Re7 34. Rd3 h6 35. Rc3 Re5 36. Qd3 Qxd3 37. Rxd3 Re7 38. a4 Kg6 39. Kg3 f5 40. gxf5+ Kxf5 41. Kf2 h5 42. Rd4 h4 43. b5 axb5 44. axb5 Re8 45. bxc6 bxc6 46. Rb4 Ra8 47. f4 Ra2+ 48. Kf3 Rh2 49. fxg5 Rxh3+ 50. Kf2 Kxg5 51. Rb6 Rh2+ 52. Kf3 Rh3+ 53. Ke2 Rh2+ 54. Kd3 Kf5 55. Rxc6 h3 56. Rh6 Rh1 57. c6 Rc1 58. Kd4 h2 59. Rxh2 Rxc6 60. Kxd5 Rc8 61. Rf2+ Kg6 62. e4 Rd8+ 63. Ke5 Re8+ 64. Kd4 Rd8+ 65. Ke3 Re8 66. Rf5 Rd8 67. Kf4 Rd1 68. Ke5 Ra1 69. Rf6+ Kg7 70. Rb6 Kf7 71. Rb7+ Ke8 72. Ke6 Ra6+ 73. Kf5 Rh6 74. e5 Rh5+ 75. Ke6 Rh6+ 76. Kd5 Rh5 77. Kd6 Rh1 78. Rb8+ Kf7 79. e6+ Kg7 80. e7 Rd1+ 81. Kc5 Rc1+ 82. Kd4 1-0

[Event "Berlin-ch Seniors op 23rd"]
[Site "Berlin"]
[Date "2007.02.10"]
[Round "6"]
[White "Rollwitz, Juergen"]
[Black "Langer, Werner"]
[Result "0-1"]
[WhiteElo "1783"]
[BlackElo "1861"]
[PlyCount "86"]
[EventDate "2007.02.05"]
[EventType "swiss"]
[EventRounds "9"]
[EventCountry "GER"]
[SourceTitle "EXT 2022"]
[Source "ChessBase"]
[SourceDate "2021.10.06"]
[SourceVersion "1"]
[SourceVersionDate "2021.10.06"]
[SourceQuality "1"]

1. d4 Nf6 2. c4 c5 3. d5 b5 4. cxb5 a6 5. bxa6 Bxa6 6. Nc3 d6 7. g3 g6 8. Bg2 Bg7 9. e4 Nbd7 10. Nge2 0-0 11. 0-0 Qb6 12. Qc2 Ng4 13. h3 Nge5 14. Rd1 Rfb8 15. Rb1 Qb4 16. b3 c4 17. Be3 cxb3 18. Rxb3 Qc4 19. Rxb8+ Rxb8 20. Qd2 Rc8 21. Bd4 Qb4 22. Rb1 Qa5 23. Qd1 Nc5 24. f4 Ned3 25. Bxg7 Kxg7 26. Kh2 f6 27. Qd2 Nf2 28. Nd4 Bd3 29. Rg1 Qa3 30. Nc6 Rc7 31. Bf1 Nfxe4 32. Nxe4 Bxe4 33. Bg2 h5 34. Qe2 f5 35. Bxe4 Nxe4 36. g4 Rb7 37. Rg2 hxg4 38. hxg4 Qa8 39. Rg1 Qh8+ 40. Kg2 Qh4 41. Qc2 Qg3+ 42. Kf1 Rb1+ 43. Ke2 Qxg1 0-1

[Event "Berlin-ch Seniors op 23rd"]
[Site "Berlin"]
[Date "2007.02.09"]
[Round "5"]
[White "Langer, Werner"]
[Black "Uckar, Klaudijo"]
[Result "1-0"]
[WhiteElo "1861"]
[BlackElo "1695"]
[PlyCount "141"]
[EventDate "2007.02.05"]
[EventType "swiss"]
[EventRounds "9"]
[EventCountry "GER"]
[SourceTitle "EXT 2022"]
[Source "ChessBase"]
[SourceDate "2021.10.06"]
[SourceVersion "1"]
[SourceVersionDate "2021.10.06"]
[SourceQuality "1"]

1. Nf3 Nf6 2. c4 g6 3. Nc3 Bg7 4. e4 d6 5. d4 0-0 6. h3 a6 7. Bg5 h6 8. Be3 b6 9. Bd3 Nc6 10. Rc1 Bb7 11. 0-0 Re8 12. Qd2 Kh7 13. Rfd1 e5 14. d5 Ne7 15. Nh2 Bc8 16. b4 g5 17. f3 Ng6 18. c5 b5 19. Ng4 Nxg4 20. hxg4 Nf4 21. Bf1 Rh8 22. g3 Ng6 23. Kf2 Bf8 24. Be2 Qf6 25. Rh1 Kg8 26. Kg2 Qd8 27. Rh5 f6 28. Nd1 Bd7 29. Nf2 Be8 30. Rh2 Rh7 31. Nd3 Ne7 32. f4 Bg6 33. Bf3 Kg7 34. Qc3 Ng8 35. Nb2 Qe8 36. Nd1 exf4 37. gxf4 Bxe4 38. fxg5 hxg5 39. Rxh7+ Kxh7 40. Bd4 Qg6 41. Ne3 Re8 42. Rh1+ Kg7 43. Rf1 Kf7 44. Kg3 Bxf3 45. Rxf3 Be7 46. Nf5 Bf8 47. Qd3 Qh7 48. Kg2 Qg6 49. a4 bxa4 50. Qxa6 Re4 51. Kg3 Rxd4 52. Nxd4 Qe4 53. Qd3 Qe5+ 54. Kh3 dxc5 55. bxc5 Qxd5 56. Rf5 Qh1+ 57. Kg3 Qh4+ 58. Kf3 Qh3+ 59. Ke2 Qxd3+ 60. Kxd3 Nh6 61. Rd5 Nxg4 62. Rd7+ Kg6 63. Rxc7 Ne5+ 64. Ke4 a3 65. Ne6 Bh6 66. Ra7 Nc4 67. c6 f5+ 68. Kd4 Nd6 69. Rxa3 Nb5+ 70. Kc5 Nxa3 71. c7 1-0

[Event "Berlin-ch Seniors op 23rd"]
[Site "Berlin"]
[Date "2007.02.06"]
[Round "2"]
[White "Krause, Werner"]
[Black "Langer, Werner"]
[Result "0-1"]
[WhiteElo "1452"]
[BlackElo "1861"]
[PlyCount "54"]
[EventDate "2007.02.05"]
[EventType "swiss"]
[EventRounds "9"]
[EventCountry "GER"]
[SourceTitle "EXT 2022"]
[Source "ChessBase"]
[SourceDate "2021.10.06"]
[SourceVersion "1"]
[SourceVersionDate "2021.10.06"]
[SourceQuality "1"]

1. Nc3 c5 2. f4 Nc6 3. Nf3 d5 4. e3 Nf6 5. g3 d4 6. exd4 cxd4 7. Nb1 Bg4 8. Bg2 e6 9. d3 Bb4+ 10. Bd2 Nd5 11. Kf2 Qb6 12. Qc1 Rc8 13. a3 Bd6 14. Re1 Ne3 15. c4 Nxg2 16. Kxg2 Qb3 17. Nc3 dxc3 18. Bxc3 0-0 19. h3 Bxf3+ 20. Kxf3 b5 21. Re4 Rfd8 22. Qe3 b4 23. axb4 Bxb4 24. Bd4 Bc5 25. Bxc5 Rxd3 26. Qxd3 Qxd3+ 27. Re3 Qxc4 0-1

[Event "Brandenburg-ch Seniors 22nd"]
[Site "Berlin"]
[Date "2006.02.20"]
[Round "1"]
[White "Langer, Werner"]
[Black "Forst, Wilhelm"]
[Result "1-0"]
[WhiteElo "1904"]
[BlackElo "1577"]
[PlyCount "101"]
[EventDate "2006.02.20"]
[EventType "swiss"]
[EventRounds "9"]
[EventCountry "GER"]
[SourceTitle "EXT 2007"]
[Source "ChessBase"]
[SourceDate "2006.11.23"]
[SourceVersion "1"]
[SourceVersionDate "2006.11.23"]
[SourceQuality "1"]

1. d4 Nf6 2. c4 d5 3. Nc3 e6 4. Nf3 c6 5. Bg5 Be7 6. e3 Qa5 7. Qc2 Na6 8. cxd5 Nb4 9. Qd2 exd5 10. Bxf6 Bxf6 11. Be2 Bf5 12. 0-0 Qd8 13. Na4 a5 14. Rfc1 Na6 15. a3 Be7 16. Ne5 f6 17. Bd3 Be6 18. Bxa6 Rxa6 19. Nd3 Bc8 20. Nac5 Ra7 21. Nf4 Kf7 22. Qe2 b6 23. Ncd3 Bd7 24. b4 g6 25. Qf3 h5 26. b5 Bg4 27. Qg3 g5 28. h3 Bf5 29. Rxc6 gxf4 30. Nxf4 h4 31. Qf3 Be4 32. Qg4 Qd7 33. Qe2 Rg8 34. Qh5+ Kf8 35. Ne6+ Qxe6 36. Rxe6 Bxg2 37. Qh6+ Kf7 38. Rxe7+ Kxe7 39. Qh7+ Kf8 40. Qxa7 Be4+ 41. Kf1 Bd3+ 42. Ke1 Rg1+ 43. Kd2 Rxa1 44. Kxd3 Rxa3+ 45. Ke2 a4 46. Qxb6 Ra2+ 47. Kf3 Kg7 48. Qb7+ Kg6 49. Qxd5 Rb2 50. Qg8+ Kh6 51. Qh8+ 1-0

[Event "Merano Gold Cup 31st"]
[Site "Merano"]
[Date "2003.05.07"]
[Round "7"]
[White "Langer, Werner"]
[Black "Oettel, Lothar"]
[Result "1-0"]
[WhiteElo "1911"]
[BlackElo "1863"]
[PlyCount "47"]
[EventDate "2003.05.??"]
[EventType "swiss"]
[EventRounds "9"]
[EventCountry "ITA"]
[SourceTitle "EXT 2006"]
[Source "ChessBase"]
[SourceDate "2005.11.24"]
[SourceVersion "1"]
[SourceVersionDate "2005.11.24"]
[SourceQuality "1"]

1. d4 Nf6 2. Nf3 d5 3. c4 e6 4. Bg5 Be7 5. Nc3 c6 6. e3 Nbd7 7. cxd5 exd5 8. Rc1 0-0 9. Bd3 h6 10. Bf4 Re8 11. 0-0 Nf8 12. Ne5 Ne6 13. Bg3 Bd6 14. f4 Qe7 15. Qf3 Bd7 16. Bh4 Rad8 17. g4 g5 18. fxg5 Ne4 19. Nxe4 Bxe5 20. Nf6+ Bxf6 21. gxf6 Qb4 22. Rc2 Nf8 23. Qf4 Ng6 24. Bxg6 1-0

[Event "Merano Gold Cup 31st"]
[Site "Merano"]
[Date "2003.05.03"]
[Round "3"]
[White "Otto, Matthias"]
[Black "Langer, Werner"]
[Result "0-1"]
[WhiteElo "1734"]
[BlackElo "1911"]
[PlyCount "76"]
[EventDate "2003.05.??"]
[EventType "swiss"]
[EventRounds "9"]
[EventCountry "ITA"]
[SourceTitle "EXT 2006"]
[Source "ChessBase"]
[SourceDate "2005.11.24"]
[SourceVersion "1"]
[SourceVersionDate "2005.11.24"]
[SourceQuality "1"]

1. Nf3 Nf6 2. g3 b6 3. Bg2 Bb7 4. 0-0 d6 5. d3 e5 6. e4 Be7 7. Nbd2 Nbd7 8. Nc4 0-0 9. Ne3 g6 10. h4 Nh5 11. Ng4 Ng7 12. Nh6+ Kh8 13. Ng5 Qe8 14. Bh3 Bc8 15. Qf3 Bxg5 16. hxg5 Nc5 17. Bxc8 Rxc8 18. Kg2 Qe7 19. g4 Nce6 20. Qf6 Rce8 21. c3 Qd7 22. Rh1 Nf4+ 23. Bxf4 Re6 24. Bxe5 dxe5 25. Qf3 f6 26. Qh3 fxg5 27. Nf7+ Kg8 28. Nxg5 h5 29. Nxe6 Nxe6 30. Qg3 Nf4+ 31. Kh2 hxg4 32. Qh4 Rf7 33. Kg1 Nh3+ 34. Rxh3 gxh3 35. Qg3 Qe6 36. Kh2 Rf4 37. Rf1 Qf6 38. Kxh3 Rf3 0-1

[Event "Merano Gold Cup 31st"]
[Site "Merano"]
[Date "2003.05.01"]
[Round "1"]
[White "Bullock, Alfred"]
[Black "Langer, Werner"]
[Result "0-1"]
[WhiteElo "1394"]
[BlackElo "1911"]
[PlyCount "44"]
[EventDate "2003.05.??"]
[EventType "swiss"]
[EventRounds "9"]
[EventCountry "ITA"]
[SourceTitle "EXT 2006"]
[Source "ChessBase"]
[SourceDate "2005.11.24"]
[SourceVersion "1"]
[SourceVersionDate "2005.11.24"]
[SourceQuality "1"]

1. e4 d5 2. exd5 Nf6 3. d4 Qxd5 4. Nc3 Qa5 5. Nf3 Bg4 6. Be2 e6 7. 0-0 Nc6 8. Be3 Bd6 9. Qd3 a6 10. a3 Rd8 11. Qd2 Qh5 12. Bf4 0-0 13. Bg3 Bxg3 14. fxg3 e5 15. d5 e4 16. Nd4 Nxd4 17. Bxg4 Nxg4 18. h3 Qe5 19. hxg4 c5 20. Rae1 Qxg3 21. Rxe4 Rde8 22. Rfe1 Nf3+ 0-1

[Event "Seefeld op 12th"]
[Site "Seefeld"]
[Date "2001.09.20"]
[Round "6"]
[White "Jacob, Konrad"]
[Black "Langer, Werner"]
[Result "1/2-1/2"]
[WhiteElo "2039"]
[BlackElo "1836"]
[PlyCount "27"]
[EventDate "2001.09.15"]
[EventType "swiss"]
[EventRounds "9"]
[EventCountry "AUT"]
[SourceTitle "EXT 2002"]
[Source "ChessBase"]
[SourceDate "2001.11.25"]
[SourceVersion "1"]
[SourceVersionDate "2001.11.25"]
[SourceQuality "1"]

1. e4 d5 2. exd5 Qxd5 3. d4 Nc6 4. Nf3 Bg4 5. c4 Qe4+ 6. Qe2 Bxf3 7. gxf3 Qxe2+ 8. Bxe2 Nxd4 9. Na3 0-0-0 10. Be3 e5 11. Bxd4 exd4 12. Bd3 Bxa3 13. bxa3 Ne7 14. Kd2 1/2-1/2

[Event "Seefeld op 09th"]
[Site "Seefeld"]
[Date "1998.??.??"]
[Round "6"]
[White "Bente, Bjoern"]
[Black "Langer, Werner"]
[Result "1-0"]
[WhiteElo "2150"]
[BlackElo "1865"]
[PlyCount "83"]
[EventDate "1998.09.12"]
[EventType "swiss"]
[EventRounds "9"]
[EventCountry "AUT"]
[SourceTitle "EXT 2000"]
[Source "ChessBase"]
[SourceDate "1999.11.16"]
[SourceVersion "1"]
[SourceVersionDate "1999.11.16"]
[SourceQuality "1"]

1. d4 Nf6 2. c4 c6 3. Nc3 d5 4. Nf3 a6 5. e3 Bg4 6. cxd5 cxd5 7. Qa4+ Bd7 8. Qb3 e6 9. Qxb7 Nc6 10. Qb3 Bd6 11. Bd3 0-0 12. 0-0 Qc7 13. Bd2 Rfb8 14. Qd1 Rxb2 15. e4 Bf4 16. Bc1 Bxc1 17. Qxc1 Rb7 18. e5 Ne8 19. Qe3 Ne7 20. Rac1 Qd8 21. h4 Nc7 22. h5 Nb5 23. Ne2 Nf5 24. Qf4 f6 25. Bxf5 exf5 26. Ng3 g5 27. hxg6 hxg6 28. Qd2 Be8 29. Rc5 Nc7 30. exf6 Ne6 31. f7+ Rxf7 32. Rc3 Rh7 33. Re1 Qf6 34. Rxe6 Qxe6 35. Ng5 Qd6 36. Nxh7 Kxh7 37. Qg5 Rb8 38. f4 Rb1+ 39. Kh2 Re1 40. Nxf5 Qf8 41. Rc7+ Bf7 42. Qh4+ 1-0

[Event "Seefeld op 09th"]
[Site "Seefeld"]
[Date "1998.??.??"]
[Round "7"]
[White "Langer, Werner"]
[Black "Limberg, Siegfried"]
[Result "0-1"]
[WhiteElo "1865"]
[BlackElo "1990"]
[PlyCount "136"]
[EventDate "1998.09.12"]
[EventType "swiss"]
[EventRounds "9"]
[EventCountry "AUT"]
[SourceTitle "EXT 2000"]
[Source "ChessBase"]
[SourceDate "1999.11.16"]
[SourceVersion "1"]
[SourceVersionDate "1999.11.16"]
[SourceQuality "1"]

1. d4 Nf6 2. Nf3 e6 3. c4 b6 4. g3 Bb4+ 5. Bd2 a5 6. Bg2 Bb7 7. 0-0 0-0 8. Nc3 Be7 9. Re1 Ne4 10. Nxe4 Bxe4 11. Rc1 d6 12. Qb3 Nd7 13. Red1 h6 14. Qe3 Nf6 15. Bc3 Rc8 16. Bh3 Rb8 17. Nd2 Bb7 18. b3 Nd7 19. f4 Bf6 20. Qd3 Ba6 21. e4 Re8 22. Qf3 e5 23. Bxd7 Qxd7 24. dxe5 dxe5 25. Qh5 Qe7 26. Nf3 exf4 27. e5 g6 28. Qg4 Bg7 29. gxf4 Rbd8 30. h3 Bc8 31. Qg3 Rxd1+ 32. Rxd1 Rd8 33. Rxd8+ Qxd8 34. Nd4 Bf8 35. Kh2 Bc5 36. Qe3 Qd7 37. Qd3 Bxd4 38. Qxd4 Qxh3+ 39. Kg1 Qg3+ 40. Kf1 Bh3+ 41. Ke2 Qg2+ 42. Ke1 Bg4 43. Qf2 Qe4+ 44. Kd2 Qb1 45. Ke3 Bf5 46. Qd2 Qe4+ 47. Kf2 Be6 48. Qe2 Qxf4+ 49. Qf3 Qxf3+ 50. Kxf3 g5 51. c5 Kg7 52. cxb6 cxb6 53. Bd4 b5 54. Bb6 a4 55. bxa4 bxa4 56. a3 Kg6 57. Bd8 Kf5 58. Bf6 h5 59. Kg2 h4 60. Kh2 Kg4 61. Kg2 Kh5 62. Be7 g4 63. Bc5 Bd5+ 64. Kh2 g3+ 65. Kh3 Be6+ 66. Kg2 Kg4 67. Bg1 Bd5+ 68. Kf1 h3 0-1

[Event "Seefeld op 09th"]
[Site "Seefeld"]
[Date "1998.??.??"]
[Round "5"]
[White "Langer, Werner"]
[Black "Mahn, Franko"]
[Result "0-1"]
[WhiteElo "1865"]
[BlackElo "2205"]
[PlyCount "96"]
[EventDate "1998.09.12"]
[EventType "swiss"]
[EventRounds "9"]
[EventCountry "AUT"]
[SourceTitle "EXT 2000"]
[Source "ChessBase"]
[SourceDate "1999.11.16"]
[SourceVersion "1"]
[SourceVersionDate "1999.11.16"]
[SourceQuality "1"]

1. d4 Nf6 2. Nf3 c5 3. c3 b6 4. Bg5 Bb7 5. e3 e6 6. Bd3 Be7 7. Nbd2 d5 8. Rc1 Nbd7 9. 0-0 0-0 10. Qe2 Ne4 11. Bxe7 Qxe7 12. Rfe1 e5 13. Nf1 Kh8 14. Bb1 f5 15. Nxe5 Nxe5 16. dxe5 Qxe5 17. f3 Nd6 18. b3 Rae8 19. Qd3 Rf6 20. Rcd1 Rh6 21. Qd2 Bc6 22. Ng3 Qf6 23. Bd3 Qg5 24. e4 Qxd2 25. Rxd2 fxe4 26. fxe4 Rhe6 27. Red1 Nxe4 28. Nxe4 dxe4 29. Bc4 e3 30. Re2 R6e7 31. Rd6 Rd7 32. Rxd7 Bxd7 33. h3 Bc6 34. Kf1 g6 35. Ke1 Kg7 36. Rb2 Kf6 37. Be2 Ke5 38. g3 Ke4 39. Bf1 Ke5 40. Be2 Rf8 41. Bf1 Be4 42. a3 Rf3 43. Rg2 Rxf1+ 44. Kxf1 Bxg2+ 45. Kxg2 Ke4 46. Kf1 Kf3 47. g4 g5 48. c4 a5 0-1